Canadian Grand Prix Winners - Statistics

General Stats
  • This quiz has been taken 15 times
  • The average score is 41 of 53
Answer Stats
Year Driver 2nd 3rd % Correct
2019 Lewis Hamilton Sebastian Vettel Charles Leclerc
100%
2017 Lewis Hamilton Valtteri Bottas Daniel Ricciardo
100%
2016 Lewis Hamilton Sebastian Vettel Valtteri Bottas
100%
2015 Lewis Hamilton Nico Rosberg Valtteri Bottas
100%
2012 Lewis Hamilton Romain Grosjean Sergio Perez
100%
2010 Lewis Hamilton Jenson Button Fernando Alonso
100%
2007 Lewis Hamilton Nick Heidfeld Alexander Wurz
100%
2024 Max Verstappen Lando Norris George Russell
100%
2023 Max Verstappen Fernando Alonso Lewis Hamilton
100%
2022 Max Verstappen Carlos Sainz Jr. Lewis Hamilton
100%
2018 Sebastian Vettel Valtteri Bottas Max Verstappen
100%
2013 Sebastian Vettel Fernando Alonso Lewis Hamilton
100%
1990 Ayrton Senna Nelson Piquet Nigel Mansell
93%
1988 Ayrton Senna Alain Prost Thierry Boutsen
93%
1996 Damon Hill Jacques Villeneuve Jean Alesi
93%
2006 Fernando Alonso Michael Schumacher Kimi Raikkonen
93%
2005 Kimi Raikkonen Michael Schumacher Rubens Barrichello
93%
2004 Michael Schumacher Rubens Barrichello Jenson Button
93%
2003 Michael Schumacher Rubens Barrichello Juan Pablo Montoya
93%
2002 Michael Schumacher David Coulthard Rubens Barrichello
93%
2000 Michael Schumacher Rubens Barrichello Giancarlo Fisichella
93%
1998 Michael Schumacher Heinz-Harald Frentzen Eddie Irvine
93%
1997 Michael Schumacher Jean Alesi Giancarlo Fisichella
93%
1994 Michael Schumacher Damon Hill Gerhard Berger
93%
2001 Ralf Schumacher Michael Schumacher Mika Hakkinen
93%
1993 Alain Prost Michael Schumacher Damon Hill
86%
1978 Gilles Villeneuve Jody Scheckter Carlos Reutemann
79%
1976 James Hunt Patrick Depailler Mario Andretti
79%
1999 Mika Hakkinen Giancarlo Fisichella Eddie Irvine
79%
1991 Nelson PIquet Stefano Modena Riccardo Patrese
79%
1984 Nelson PIquet Niki Lauda Alain Prost
79%
1982 Nelson Piquet Riccardo Patrese John Watson
79%
2014 Daniel Ricciardo Nico Rosberg Sebastian Vettel
71%
1974 Emerson Fittipaldi Clay Regazzoni Ronnie Peterson
71%
1967 Jack Brabham Denny Hulme Dan Gurney
71%
2011 Jenson Button Sebastian Vettel Mark Webber
71%
1977 Jody Scheckter Patrick Depailler Jochen Mass
64%
1986 NIgel Mansell Alain Prost Nelson Piquet
64%
1980 Alan Jones Carlos Reutemann Didier Pironi
57%
1979 Alan Jones Gilles Villeneuve Clay Regazzoni
57%
1970 Jacky Ickx Clay Regazzoni Chris Amon
57%
1969 Jacky Ickx Jack Brabham Jochen Rindt
57%
1983 Rene Arnoux Eddie Irvine Patrick Tambay
57%
2008 Robert Kubica Nick Heidfeld David Coulthard
57%
1968 Denny Hulme Bruce McLaren Pedro Rodriguez
50%
1972 Jackie Stewart Peter Revson Denny Hulme
50%
1971 Jackie Stewart Ronnie Peterson Mark Donohue
50%
1995 Jean Alesi Rubens Barrichello Eddie Irvine
50%
1989 Thierry Boutsen Riccardo Patrese Andrea de Cesaris
50%
1992 Gerhard Berger Michael Schumacher Jean Alesi
36%
1973 Peter Revson Emerson Fittipaldi Jackie Oliver
36%
1981 Jacques Laffite John Watson Gilles Villeneuve
29%
1985 Michele Alboreto Stefan Johansson Alain Prost
21%
No matching quizzes found
Score Distribution
Percent of People with Each Score
Percentile by Number Answered
Your Score History
You have not taken this quiz